සුනාමි වනදඹුවෝ : (Record no. 4535)

MARC details
000 -LEADER
fixed length control field 00960nam a22001937a 4500
003 - CONTROL NUMBER IDENTIFIER
control field LK-CoMWRAF
005 - DATE AND TIME OF LATEST TRANSACTION
control field 20231220105706.0
008 - FIXED-LENGTH DATA ELEMENTS--GENERAL INFORMATION
fixed length control field 231220b |||||||| |||| 00| 0 eng d
020 ## - INTERNATIONAL STANDARD BOOK NUMBER
International Standard Book Number 9551306007
040 ## - CATALOGING SOURCE
Original cataloging agency LK-CoMWRAF
Modifying agency LK-CoMWRAF
Description conventions LK-CoMWRAF
041 ## - LANGUAGE CODE
Language code of text/sound track or separate title Sinhala; Sinhalese
082 ## - DEWEY DECIMAL CLASSIFICATION NUMBER
Classification number 303.48
Item number RAN
942 ## - ADDED ENTRY ELEMENTS (KOHA)
Koha item type Books
100 ## - MAIN ENTRY--PERSONAL NAME
Personal name රන්ජනී, සීතා
245 ## - TITLE STATEMENT
Title සුනාමි වනදඹුවෝ :
Remainder of title අම්පාර දිස්ත්‍රික්කය (සමාජ, ආර් ථික හා අනාගත අභියෝගවල පැතිකඩක්)
246 ## - VARYING FORM OF TITLE
Title proper/short title Sunami wandambuwo : ampara disthrikkaya (samaja, arthika ha anagatha abhiyogawala pathikadak)
260 ## - PUBLICATION, DISTRIBUTION, ETC. (IMPRINT)
Place of publication, distribution, etc. කොළඹ :
Name of publisher, distributor, etc. සියලු ආකාරයේ වෙනස් කොට සැලකීමට හා වර්ගවාදයට එරෙහි ජාත්‍යන්තර ව්‍යාපාරය
Date of publication, distribution, etc. 2005
650 ## - SUBJECT ADDED ENTRY--TOPICAL TERM
Topical term or geographic name as entry element සුනාමි
Holdings
Withdrawn status Lost status Damaged status Not for loan Permanent Location Current Location Date acquired Full call number Barcode Koha item type
        Resource center, Muslim Women's Research And Action Forum Resource center, Muslim Women's Research And Action Forum 2023-12-20 303.48 RAN RAF4490 Books

Copyright © 2023 Muslim Women's Research and Action Forum (MWRAF), No 27/3, Anderson Road, Kalubowila, Dehiwela. Funded by The Asia Fundation